Animals that start with H - Statistics

General Stats
  • This quiz has been taken 88 times
  • The average score is 8 of 9
Answer Stats
Picture Answer % Correct
Hippo
99%
Horse
97%
Hyena
91%
Hare
90%
Hedge Hog
88%
Hamster
87%
Hog
84%
Hawk
82%
Hermit Crab
69%
No matching quizzes found
Score Distribution
Percent of People with Each Score
Percentile by Number Answered
Your Score History
You have not taken this quiz